| 000 | 00712 a2200241 4500 | ||
|---|---|---|---|
| 999 |
_c200025994 _d34141 |
||
| 001 | 200025994 | ||
| 003 | TR-AnTOB | ||
| 005 | 20230828152803.0 | ||
| 008 | 120118r2010 tu 000 0 | ||
| 020 | _a9789754560978 | ||
| 040 |
_aTR-AnTOB _beng _cTR-AnTOB _erda |
||
| 041 | _atur | ||
| 050 | 0 | 0 |
_aPL407 _b.G85 2010 |
| 090 | _aPL407 .G85 2010 | ||
| 100 | 1 |
_aGül, Bülent _973417 |
|
| 245 | 1 | 0 |
_aMoğol atasözleri / _cBülent Gül. |
| 264 | 1 |
_aAnkara: _bTürk Kültürü Araştırma Enstitüsü, _c2010. |
|
| 300 |
_a190 p. ; _c24 cm. |
||
| 490 | 0 |
_aTürk Kültürünü Araştırma Enstitüsü ; _vDil Araştırmaları 01. |
|
| 650 | 7 |
_aAtasözleri, Moğolca _2etuturkob _973418 |
|
| 942 |
_cBK _2lcc |
||